| 000 | 00365nam a22001097a 4500 | ||
|---|---|---|---|
| 082 | _a684.08 HAY'S | ||
| 100 |
_aHAYCOCK, A. H _957396 |
||
| 245 | _aSAWING AND PLANING GIVING SAMPLES OF THE METHODS OF MACHINES WOODWORKING AND THE FUNDAMENTAL PRINCIPLES OF THEOPERATION OF SAWS KNIVES AND CUTTER | ||
| 260 |
_aLONDON _bTECHNICAL _c1960 |
||
| 300 | _a140P | ||
| 942 | _cBK | ||
| 999 |
_c568355 _d568355 |
||